000 00601nam a22002057a 4500
003 OSt
005 20260129051116.0
008 260129b |||||||| |||| 00| 0 eng d
020 _a0-07-112224-9
040 _aDWC-Main Lib.
_cOC
082 _25th ed.
_aCirc. 658.802 L528a 2002
100 _aLehmann, Donald R.
245 _aAnalysis for marketing planning/
_cDonald R. Lehmann
250 _a5th ed.
260 _aBoston :
_bMcGraw-hill,
_cc2002.
300 _axiii 256 p. ;
_c23 cm.
500 _aInclude index.
700 _aWiner, Russell S.
942 _2ddc
_cBK-CIRC
_e5th ed.
_hCirc.
_n0
999 _c7963
_d7963